000 01324nam a2200265Ia 4500
999 _c56253
_d56253
001 23355
003 GE_BSU
005 20251223154440.0
008 181216s1961||||ge |||||||||||||| ||geo||
040 _cGE_BSU
041 _ageo
080 _a003(049.32) მ-54
100 _aმელიქიშვილი, გიორგი
_926590
245 _aროგორ ამეტყველდნენ ლურსმული წარწერები /
_cგიორგი მელიქიშვილი ; რედაქტორი გ. გიორგაძე ; მხატვრები : დ. ციციშვილი, გ. ყანდარელი.
264 _aთბილისი :
_bნაკადული,
_c1961.
300 _a130 გვ. ;
_c21სმ.
541 _h0,50თ.
653 _aდამწერლობა
653 _aლურსმული დამწერლობა
653 _aროგორ ამეტყველდნენ ლურსმული წარწერები
700 _aგიორგაძე, გ.
_eრედაქტორი
_926591
700 _aციციშვილი, დ.
_eმხატვარი
_926592
700 _aყანდარელი, გ.
_eმხატვარი
_926593
942 _cBK
_2udc